000 00474nam a22001697a 4500
003 MACL
005 20211205162038.0
008 211205b |||||||| |||| 00| 0 eng d
040 _cMACL
082 _a320/SIN
100 _aSINGH,BALBIR
_981151
245 _aSIR CHHOTU RAM
_bA Saga of inspirational leadership
260 _aNEW DELHI
_b Ministy of Informatio and Broadcasting Government of India
_c2009
300 _ap350
650 _aPolitical Science
942 _2ddc
_cBK
999 _c64525
_d64525